Straight Up Trivia #21: World's Richest Women - Statistics

General Stats
  • This quiz has been taken 7 times
  • The average score is 4 of 10
Answer Stats
Hint Answer % Correct
Jacqueline Mars, $38.3b. The planet Mars has a weak atmosphere consisting primarily of what gas? Carbon Dioxide
71%
MacKenzie Scott, $24.4b. Scott's wealth is largely related to her divorce from whom? Jeff Bezos
71%
Iris Fontbona, $23.1b. Fontbona's wealth comes from a Chilean mining company. Chile's democratically elected Socialist president, Salvador Allende, was overthrown in a military coup led by what general and future dictator? Augusto Pinochet
57%
Francoise Bettencourt Meyers, $74.8b. Bettencourt Meyers' fortune comes largely from what company, for which she is vice chairman? The company was founded by her grandfather who developed a new hair dye formula which he sold to Parisian hairdressers. L'Oreal
57%
Julia Koch, $59b. Koch was born in what U.S. state capital, whose name means "of the monks" in the language it derives from? Des Moines
43%
Rafaela Aponte-Diamant, $31.2b. Aponte-Diamant's wealth comes from the Mediterranean Shipping Company. What French and Swiss river has the second largest river basin that drains into the Mediterranean Sea (after the Nile, and not counting rivers that drain into the Black Sea)? Rhone
43%
Alice Walton, $56.7b. In Alice's Adventures in Wonderland, Alice joins a tea party with the Mad Hatter, March Hare, and what animal that keeps falling asleep? Dormouse
29%
Susanne Klatten, $27.4b. Klatten's fortune comes in part from a minority stake in BMW. Except for two years, since 1974, BMW's primary marketing slogan has been "The _____ Driving Machine". What word fills in the blank? Ultimate
29%
Gina Rinehart, $27b. Rinehart's fortune comes from Hancock Prospecting. One of the first mines Hancock Prospecting opened was for what fibrous silicate mineral whose name derives from the ancient Greek word for "unquenchable" or "inextinguishable"? Asbestos
14%
Miriam Adelson, $35b. Adelson jointly owns a 69% majority stake in the Dallas Mavericks, who have retired four jersey numbers. Whose jersey number is the most recently retired? This forward/center played for the Mavericks from 1998-2019. Dirk Nowitzki
14%
No matching quizzes found
Score Distribution
Percent of People with Each Score
Percentile by Number Answered
Your Score History
You have not taken this quiz